| 000 | 00483nam a22001937a 4500 | ||
|---|---|---|---|
| 999 |
_c532766 _d532766 |
||
| 003 | NUST | ||
| 005 | 20191202162704.0 | ||
| 008 | 191202b ||||| |||| 00| 0 eng d | ||
| 020 | _a 9781259062919 | ||
| 038 | _aMSOHAIL | ||
| 082 | _a620.105 | ||
| 100 |
_aBeer, Ferdinand P. _91378 |
||
| 245 | _aVector Mechanics For Engineers | ||
| 250 | _a10th ed. | ||
| 260 |
_aNew York: _bMcGraw Hill, _c2014. |
||
| 300 |
_a1314 p. ; _b26 cm. |
||
| 500 | _aPaperback. | ||
| 942 |
_cBK _2ddc |
||